<?xml version="1.0" encoding="UTF-8"?>
<collection xmlns="http://www.loc.gov/MARC21/slim">
<record>
  <controlfield tag="001">93644</controlfield>
  <controlfield tag="005">20230301175556.0</controlfield>
  <datafield tag="024" ind1="7" ind2=" ">
    <subfield code="a">G:(EU-Grant)625996</subfield>
    <subfield code="d">625996</subfield>
    <subfield code="2">CORDIS</subfield>
  </datafield>
  <datafield tag="024" ind1="7" ind2=" ">
    <subfield code="a">G:(EU-Call)FP7-PEOPLE-2013-IIF</subfield>
    <subfield code="d">FP7-PEOPLE-2013-IIF</subfield>
    <subfield code="2">CORDIS</subfield>
  </datafield>
  <datafield tag="024" ind1="7" ind2=" ">
    <subfield code="a">corda_______::625996</subfield>
    <subfield code="2">originalID</subfield>
  </datafield>
  <datafield tag="035" ind1=" " ind2=" ">
    <subfield code="a">G:(EU-Grant)625996</subfield>
  </datafield>
  <datafield tag="150" ind1=" " ind2=" ">
    <subfield code="a">Sensory learning-induced changes of neuronal population activity in the olfactory bulb of awake mice</subfield>
    <subfield code="y">2014-04-01 - 2016-03-31</subfield>
  </datafield>
  <datafield tag="371" ind1=" " ind2=" ">
    <subfield code="a">University of Geneva</subfield>
    <subfield code="b">UNIGE</subfield>
    <subfield code="d">Switzerland</subfield>
    <subfield code="e">https://www.unige.ch/</subfield>
    <subfield code="v">CORDIS</subfield>
  </datafield>
  <datafield tag="372" ind1=" " ind2=" ">
    <subfield code="a">FP7-PEOPLE-2013-IIF</subfield>
    <subfield code="s">2014-04-01</subfield>
    <subfield code="t">2016-03-31</subfield>
  </datafield>
  <datafield tag="450" ind1=" " ind2=" ">
    <subfield code="a">ODORLEARNINGCIRCUIT</subfield>
    <subfield code="w">d</subfield>
    <subfield code="y">2014-04-01 - 2016-03-31</subfield>
  </datafield>
  <datafield tag="510" ind1="1" ind2=" ">
    <subfield code="0">I:(DE-588b)5098525-5</subfield>
    <subfield code="a">European Union</subfield>
    <subfield code="2">CORDIS</subfield>
  </datafield>
  <datafield tag="909" ind1="C" ind2="O">
    <subfield code="o">oai:juser.fz-juelich.de:183458</subfield>
    <subfield code="p">authority:GRANT</subfield>
    <subfield code="p">authority</subfield>
  </datafield>
  <datafield tag="970" ind1=" " ind2=" ">
    <subfield code="a">oai:dnet:corda_______::2d93ed1f9e36b89ea8cde046a8cce15c</subfield>
  </datafield>
  <datafield tag="980" ind1=" " ind2=" ">
    <subfield code="a">G</subfield>
  </datafield>
  <datafield tag="980" ind1=" " ind2=" ">
    <subfield code="a">CORDIS</subfield>
  </datafield>
  <datafield tag="980" ind1=" " ind2=" ">
    <subfield code="a">AUTHORITY</subfield>
  </datafield>
  <datafield tag="909" ind1="C" ind2="O">
    <subfield code="o">oai:juser.fz-juelich.de:183458</subfield>
  </datafield>
</record>
</collection>